| 000 | 00696nam a2200205 4500 | ||
|---|---|---|---|
| 005 | 20260407134348.0 | ||
| 008 | 260407b |||||||| |||| 00| 0 eng d | ||
| 020 | _a978-1732251069 | ||
| 050 |
_aRT727.3 _b.T46 2019 |
||
| 100 | _aThompson, Renee | ||
| 245 |
_aEnough! Eradicate Bullying and Incivility in Healthcare: _bStrategies for Front Line Leaders/ |
||
| 260 |
_aUSA; _b Incredible Messages Press, _c2019 |
||
| 300 |
_a208 p.: _c23 cm |
||
| 500 | _aincludes bibliographical references | ||
| 650 |
_aBullying _xPrevention. |
||
| 650 |
_aIncivility _xPrevention. |
||
| 650 |
_aHealth personnel _xProfessional relationships. |
||
| 650 |
_aMedical care _xQuality control. |
||
| 942 |
_2lcc _cBK |
||
| 999 |
_c60330 _d60330 |
||